01433cam a22003497a 45000010009000000050017000090080041000260100017000670200015000840200018000990350023001170400049001400410013001890420014002020820015002161000024002312450063002552600047003183000033003655000213003985000029006115040041006405300024006815460082007056000038007876500012008257000019008377100030008567100037008867100048009237760112009711598876720220326193310.0020531s2001 no a bc 000 0 eng d a 2009521120 a8290955472 a9788290955477 a(OCoLC)ocm49899430 aSNNcSNNdOHXdOCLCQdOCLCGdEYMdUKTTEdDLC0 aenganor alccopycat a707bG411g1 aAmer, Ghada,d1963-10aGhada Amer :breading between the threads.cWendt, Selene. a[Oslo] :bHenie Onstad Kunstsenter,c2001. a63 p. :bcol. ill. ;c25 cm. aCatalog of the exhibition held at Henie Onstad Kunstsenter, Oslo, Norway, Sept. 20-Dec. 2, 2001, Museum Kunst Palast, Düsseldorf, Feb. 9-May 12, 2002 and at Bildmuseet, Umeå, Sweden, May 26-Oct. 13, 2002. aCurated by Selene Wendt. aIncludes bibliographical references. aAlso issued online. aEssays and interview with the artist in English, with Norwegian translations.10aAmer, Ghada,d1963-vExhibitions. zNoruega1 aWendt, Selene.2 aHenie-Onstad kunstsenter.2 aUmeå universitet.bBildmuseet.2 aMuseum Kunst Palast (Düsseldorf, Germany)08iOnline version:aAmer, Ghada, 1963-tGhada Amer.d[Oslo] : Henie Onstad Kunstsenter, 2001w(OCoLC)606814027